Normal view
MARC view
Entry Personal Name
001 - CONTROL NUMBER
- control field: 57348
003 - CONTROL NUMBER IDENTIFIER
- control field: dpl
005 - DATE AND TIME OF LATEST TRANSACTION
- control field: 20230922150236.0
008 - FIXED-LENGTH DATA ELEMENTS
- fixed length control field: 230922|| aca||aabn | a|a d
040 ## - CATALOGING SOURCE
- Original cataloging agency: dpl
- Transcribing agency: dpl
100 ## - HEADING--PERSONAL NAME
- Personal name: Dua,Sameer
670 ## - SOURCE DATA FOUND
- Source citation: Work cat.: (dpl)102129: Dua,Sameer, Declaring breakdowns :, 2016
